Normal view MARC view
  • John R Freer

Entry Personal Name

Number of records used in: 4

001 - CONTROL NUMBER

  • control field: 788

003 - CONTROL NUMBER IDENTIFIER

  • control field: NUST

005 - DATE AND TIME OF LATEST TRANSACTION

  • control field: 20170515172627.0

008 - FIXED-LENGTH DATA ELEMENTS

  • fixed length control field: 170515|| aca||aabn | a|a d

040 ## - CATALOGING SOURCE

  • Original cataloging agency: NUST
  • Transcribing agency: NUST

100 ## - HEADING--PERSONAL NAME

  • Personal name: John R Freer

670 ## - SOURCE DATA FOUND

  • Source citation: Work cat.: (NUST)24246: John R Freer, Computer Commnications and networks, c1988
© 2023 Central Library, National University of Sciences and Technology. All Rights Reserved.